|
|
|
|
| LEADER |
01259ppm a22003138a 4500 |
| 001 |
00036599 |
| 005 |
20171026081025.0 |
| 008 |
170314s2012 ||||||Viesd |
| 041 |
0 |
# |
|a Vie
|
| 082 |
1 |
4 |
|a 510.7
|b X101Đ
|
| 100 |
1 |
# |
|a Võ, Thành Tân
|
| 245 |
0 |
0 |
|a Xác định và luyện tập các tri thức phương pháp điều chỉnh hoạt động phát hiện và giải quyết vấn đề trong dạy học toán ở trường Trung học Cơ sở
|b Luận văn thạc Toán học . Chuyên ngành: LL và PPDH bôn môn Toán. Mã số: 60 46 10
|c Võ Thành Tân; Đào Tam (hướng dẫn)
|
| 260 |
# |
# |
|a Vinh
|b Đại học Vinh
|c 2012
|
| 300 |
# |
# |
|a 123tr.
|c 30cm.
|
| 500 |
# |
# |
|a ĐTTTS ghi: Bộ giáo dục và đào tạo. Đại học Vinh
|
| 653 |
# |
# |
|a Luận văn
|
| 653 |
# |
# |
|a Phương pháp
|
| 653 |
# |
# |
|a Vấn đề
|
| 653 |
# |
# |
|a Tri thức
|
| 653 |
# |
# |
|a Toán học
|
| 653 |
# |
# |
|a THCS
|
| 700 |
1 |
# |
|e Hướng dẫn
|a Đào Tam
|
| 852 |
# |
# |
|j LV.0000970
|
| 852 |
# |
# |
|b Kho đọc SĐH
|j LV.0000970
|
| 910 |
|
|
|d 14/03/2017
|
| 980 |
# |
# |
|a Trung tâm Học liệu Lê Vũ Hùng, Trường Đại học Đồng Tháp
|